| 000 | 00360nam a2200133Ia 4500 | ||
|---|---|---|---|
| 008 | 151021s9999 xx 000 0 und d | ||
| 020 | _a138843880 | ||
| 050 | _aBF 121.K34 1998 | ||
| 245 | _a_Study Guide Psychology [2nd ed] | ||
| 260 | _aNew Jersey Prentice Hall 1998 | ||
| 300 | _av,267p. | ||
| 650 | _a_Psychology | ||
| 980 | _a^d20120817 10:54:05^oanne | ||
| 999 |
_c12470 _d12470 |
||